000 00315cam a22001217a 4500
008 180718b1957 xxu||||| |||| 00| 0 eng d
082 _aF16 F863
100 _aFraser, Lindley
245 _aPropaganda
_cby Lindley Fraser
260 _aLondon
_bOxford University Press
_c1957
300 _a218p.
650 _aPropaganda
999 _c365867
_d365867